La Mesure : histoire, science et philosophie (Record no. 45548)

MARC details
000 -LEADER
fixed length control field 00540 a2200241 4500
037 ## - SOURCE OF ACQUISITION
Source of stock number/acquisition 1, CIUF
037 ## - SOURCE OF ACQUISITION
Stock number 07/185
020 ## - NUMERO INTERNATIONAL NORMALISE DES LIVRES
International Standard Book Number 2 10 007253 6
100 ## - VEDETTE PRINCIPALE - NOM DE PERSONNE
Personal name Perdijon, Jean
100 ## - VEDETTE PRINCIPALE - NOM DE PERSONNE
Language of a work Fr
260 ## - PUBLICATION, DISTRIBUTION, ETC. (IMPRINT)
Place of publication, distribution, etc Paris
260 ## - PUBLICATION, DISTRIBUTION, ETC. (IMPRINT)
Name of publisher, distributor, etc Dunod
245 ## - TITLE STATEMENT
Title La Mesure : histoire, science et philosophie
260 ## - PUBLICATION, DISTRIBUTION, ETC. (IMPRINT)
Date of publication, distribution, etc 2004
300 ## - PHYSICAL DESCRIPTION
Extent 137p
300 ## - PHYSICAL DESCRIPTION
Other physical details 22 cm
440 ## - SERIES STATEMENT/ADDED ENTRY--TITLE
Title UniverSciences
630 ## - SUBJECT ADDED ENTRY--UNIFORM TITLE
Uniform title 30 - Sciences sociales en general
650 ## - SUBJECT ADDED ENTRY--TOPICAL TERM
Topical term or geographic name as entry element 3 - SCIENCES SOCIALES
650 ## - SUBJECT ADDED ENTRY--TOPICAL TERM
Topical term or geographic name as entry element Mesure : science
Holdings
Withdrawn status Lost status Damaged status Not for loan Location (home branch) Sublocation or collection (holding branch) Date acquired Source of acquisition Coded location qualifier Koha issues (times borrowed) Koha full call number Piece designation (barcode) Koha date last seen Price effective from Koha item type
        Bibliothèque Universitaire Centrale Bibliothèque Universitaire Centrale 28/02/2009 Don CIUF 07/185   303.21 PER 07-185Buc 28/02/2009 28/02/2009 Libre Accès


© 2008, Bibliothèques de l'Université d'Abomey-Calavi

04 BP 789 Cotonou, Tél. : +229 21 36 01 01, Fax : +229 21 35 06 32

Courriel : bu@bu.uac.bj